Animal Rights (Record no. 1848621)

MARC details
000 -LEADER
fixed length control field 00281 a2200121 4500
000 - LEADER
fixed length control field nam a22 7a 4500
005 - DATE AND TIME OF LATEST TRANSACTION
control field 20260428170755.0
020 ## - INTERNATIONAL STANDARD BOOK NUMBER
International Standard Book Number 9780262549400
100 ## - MAIN ENTRY--PERSONAL NAME
Personal name Mark Rowlands
9 (RLIN) 1110454
245 ## - TITLE STATEMENT
Title Animal Rights
260 ## - PUBLICATION, DISTRIBUTION, ETC.
Name of publisher, distributor, etc. The MIT Press
Date of publication, distribution, etc. 2025
942 ## - ADDED ENTRY ELEMENTS (KOHA)
Koha item type Textual
Holdings
Withdrawn status Lost status Source of classification or shelving scheme Damaged status Not for loan Home library Current library Date acquired Source of acquisition Cost, normal purchase price Inventory number Total Checkouts Barcode Date last seen Cost, replacement price Price effective from Koha item type
    Colon Classification (CC)   Ordered South Campus Library South Campus Library 2026-04-28 4 1320.54 235 & 29/01/2026   SC1692292 2026-04-28 1650.68 2026-04-28 Textual
Copyright @ Delhi University Library System